=LDR 00000nam 2200000 4500 =001 000511 =005 20250710103637 =035 ##$$a 0010-0725000373 =007 ta =008 250710################a##########0#ind## =020 ##$$a 978-623-307-424-7 =082 ##$$a 398.209 598 =084 ##$$a 398.209 598 NAD h =100 #$$a Nadimo, Joseph Sanchez =245 1#$$a Hutan Seram /$c Joseph Sanchez Nadimo =250 ##$$a Cetakan Pertama =260 ##$$a Jakarta Timur :$b Badan Pengembangan dan Pembinaan Bahasa,$c 2024 =300 ##$$a 20 hlm. ; $c ilus. =650 #4$$a Cerita Anak Indonesia-Terjemahan =650 #4$$a Literasi-Bahan Bacaan =856 ##$$a TBM As Suhada =990 ##$$a TBM02640264